Ghiblioteca : una guía no oficial de las películas de Studio Ghibli /

Salvato in:
Dettagli Bibliografici
Autore principale: Leader, Michael (autor)
Altri autori: Cunningham, Jake (autor) (autor)
Natura: Libro
Lingua:spagnolo
Pubblicazione: Barcelona, España : Minotauro, 2017, c2017
Serie:(Series y Películas)
Soggetti:
Tags: Aggiungi Tag
Nessun Tag, puoi essere il primo ad aggiungerne!!

MARC

LEADER 00000nam^a2200000^a^4500
001 000578180
005 20250521000000.0
009 20260310132504.135
020 |a 978-84-450-1040-2 
037 |a Acervo ITESO - Biblioteca 
041 |a ESP 
082 |a 302. 2350952  |b LEA 
100 |a Leader, Michael  |e (autor) 
245 1 0 |a Ghiblioteca :  |b una guía no oficial de las películas de Studio Ghibli /  |c M. Leader, J. Cunningham ; tr. por David Heredia. 
264 4 |a Barcelona, España :  |b Minotauro,  |c 2017, c2017 
300 |a 192 p. 
336 |a texto  |b txt  |2 rdacontenido 
337 |a sin mediación  |b n  |2 rdamedio 
338 |a volumen  |b nc  |2 rdasoporte 
440 1 |a (Series y Películas) 
521 |a FIL 2023 DIA 
649 |a XX 
650 |a Cineastas Japoneses -  |x Filmografías 
650 |a Cineastas Holandeses -  |x Filmografías 
650 |a Estudios Cinematográficos -  |z Tokio, Japón -  |x Filmografías 
650 |a Estudios Cinematográficos -  |z Japón -  |x Filmografías 
650 |a Cine de Animación -  |z Japón -  |x Filmografías 
650 |a Cine de Animación -  |z Japón -  |x Historia y Crítica 
650 |a Animación -  |z Japón -  |x Filmografías 
650 |a Animación -  |z Japón -  |x Historia y Crítica 
650 |a Películas Infantiles -  |z Japón -  |x Filmografías 
650 |a Películas Infantiles -  |z Japón -  |x Historia y Crítica 
650 |a Cine Japonés -  |x Filmografías 
650 |a Cine Japonés -  |x Historia y Crítica 
650 |a Cine Japonés -  |y Siglo XX 
650 |a Cine Japonés -  |y Siglo XXI 
650 |a Kondō, Yoshifumi 
650 |a Miyazaki, Gorō 
650 |a Miyazaki, Hayao 
650 |a Mochizuki, Tomomi 
650 |a Morita, Hiroyuki 
650 |a Takahata, Isao 
650 |a Yonebayashi, Hiromasa 
650 |a Wit, Michaël Dudok de 
650 |a Studio Ghibli -  |x Tema Principal 
700 |a Cunningham, Jake  |e (autor) 
910 |a Fondo General 
920 |a Impresos - Libros 
930 |a Reserva Especial 
905 |a 103 
901 |a 0500403245  |b IT1  |c REE  |i C184212  |u 20250521 
902 |a https://opac.biblio.iteso.mx/vufind/Record/000578180